LEADER 01338nam0-22003491i-450- 001 990007962730403321 005 20150224102821.0 035 $a000796273 035 $aFED01000796273 035 $a(Aleph)000796273FED01 035 $a000796273 100 $a20041129d2001----km-y0itay50------ba 101 0 $aita 102 $aIT 105 $a--------001cy 200 1 $aNon solo sfruttati o violenti$ebambini e adolescenti del 2000$erelazione sulla condizione dell'infanzia e dell'adolescenza in Italia$fcuratore scientifico Alfredo Carlo Moro 210 $a[Roma]$cPresidenza del Consiglio dei Ministri$d2001 215 $a358 p.$ctav.$d24 cm 300 $aSu cop. e front.: Presidenza del Consiglio dei Ministri. Dipartimento per gli affari sociali. Osservatorio nazionale per l'infanzia. Centro nazionale di documentazione e analisi per l'infanzia e l'adolescenza 610 0 $aBambini$aItalia$a2000 610 0 $aAdolescenti$aItalia$a2000 610 0 $aMinori$aTutela$aServizi Sociali$aItalia 676 $a305.230945$v21$zita 702 1$aMoro,$bAlfredo Carlo$f<1925-2005> 801 0$aIT$bUNINA$gRICA$2UNIMARC 901 $aBK 912 $a990007962730403321 952 $a305.23 MOR 1$b691$fBFS 952 $a305.23 MOR 1 BIS$fBFS 959 $aBFS 996 $aNon solo sfruttati o violenti$9747886 997 $aUNINA LEADER 04046nam 2200745 a 450 001 9910456388103321 005 20200520144314.0 010 $a1-282-92436-2 010 $a9786612924361 010 $a0-8176-4795-3 024 7 $a10.1007/978-0-8176-4795-7 035 $a(CKB)2550000000015791 035 $a(EBL)602957 035 $a(OCoLC)656399123 035 $a(SSID)ssj0000432951 035 $a(PQKBManifestationID)11293239 035 $a(PQKBTitleCode)TC0000432951 035 $a(PQKBWorkID)10389948 035 $a(PQKB)10856933 035 $a(DE-He213)978-0-8176-4795-7 035 $a(MiAaPQ)EBC602957 035 $a(PPN)149047959 035 $a(Au-PeEL)EBL602957 035 $a(CaPaEBR)ebr10402456 035 $a(CaONFJC)MIL292436 035 $a(EXLCZ)992550000000015791 100 $a20080221d2008 uy 0 101 0 $aeng 135 $aur|n|---||||| 181 $ctxt 182 $cc 183 $acr 200 00$aAdvances in statistical control, algebraic systems theory, and dynamic systems characteristics$b[electronic resource] $ea tribute to Michael K. Sain /$fedited by Chang-Hee Won, Cheryl B. Schrader, Anthony N. Michel 205 $a1st ed. 2008. 210 $aBoston, Mass. $cBirkha?user$d2008 215 $a1 online resource (367 p.) 225 1 $aSystems & control : foundations & applications 300 $aFestschrift for Michael K. Sain. 311 $a0-8176-4794-5 320 $aIncludes bibliographical references and index. 327 $apt. 1. Statistical control -- pt. 2. Algebraic systems theory -- pt. 3. Dynamic systems characteristics -- pt. 4. Engineering education. 330 $aThis volume?dedicated to Michael K. Sain on the occasion of his seventieth birthday?is a collection of chapters covering recent advances in stochastic optimal control theory and algebraic systems theory. Written by experts in their respective fields, the chapters are thematically organized into four parts: * Part I focuses on statistical control theory, where the cost function is viewed as a random variable and performance is shaped through cost cumulants. In this respect, statistical control generalizes linear-quadratic-Gaussian and H-infinity control. * Part II addresses algebraic systems theory, reviewing the use of algebraic systems over semirings, modules of zeros for linear multivariable systems, and zeros in linear time-delay systems. * Part III discusses advances in dynamical systems characteristics. The chapters focus on the stability of a discontinuous dynamical system, approximate decentralized fixed modes, direct optimal adaptive control, and stability of nonlinear systems with limited information. * Part IV covers engineering education and includes a unique chapter on theology and engineering, one of Sain's latest research interests. The book will be a useful reference for researchers and graduate students in systems and control, algebraic systems theory, and applied mathematics. Requiring only knowledge of undergraduate-level control and systems theory, the work may be used as a supplementary textbook in a graduate course on optimal control or algebraic systems theory. 410 0$aSystems & control. 606 $aStochastic control theory 606 $aNonlinear control theory 606 $aSystem analysis 606 $aDifferentiable dynamical systems 608 $aElectronic books. 615 0$aStochastic control theory. 615 0$aNonlinear control theory. 615 0$aSystem analysis. 615 0$aDifferentiable dynamical systems. 676 $a515.642 676 $a519.2 701 $aWon$b Chang-Hee$0888537 701 $aSchrader$b Cheryl B$0888538 701 $aMichel$b Anthony N$026206 701 $aSain$b Michael K$058392 801 0$bMiAaPQ 801 1$bMiAaPQ 801 2$bMiAaPQ 906 $aBOOK 912 $a9910456388103321 996 $aAdvances in statistical control, algebraic systems theory, and dynamic systems characteristics$91985035 997 $aUNINA LEADER 03323nam 2200577 450 001 9910461332403321 005 20200520144314.0 010 $a1-283-20185-2 010 $a9786613201850 010 $a0-8264-3450-9 035 $a(CKB)2670000000106865 035 $a(EBL)742874 035 $a(OCoLC)745866171 035 $a(SSID)ssj0000521776 035 $a(PQKBManifestationID)12187533 035 $a(PQKBTitleCode)TC0000521776 035 $a(PQKBWorkID)10539732 035 $a(PQKB)11018689 035 $a(MiAaPQ)EBC742874 035 $a(Au-PeEL)EBL742874 035 $a(CaPaEBR)ebr10866905 035 $a(CaONFJC)MIL320185 035 $a(EXLCZ)992670000000106865 100 $a19870921d1988 uy| 0 101 0 $aeng 135 $aur|n|---||||| 181 $ctxt 182 $cc 183 $acr 200 14$aThe creation of Brittany $ea late medieval state /$fMichael Jones 210 1$aLondon ;$aRonceverte, WV, U.S.A. :$cHambledon Press,$d1988. 215 $a1 online resource (464 p.) 300 $aDescription based upon print version of record. 311 $a0-907628-80-X 320 $aIncludes bibliographical references and index. 327 $aContents; List of Plates; List of Maps and Tables; Acknowledgements; Preface; Additional Bibliography; I: The Duchy of Brittany in the Middle Ages; II: The Defence of Medieval Brittany: a Survey of the Establishment of Fortified Towns, Castles and Frontiers from the Gallo-Roman Period to the End of the Middle Ages; III: Notes sur quelques familles bretonnes en Angleterre apre?s la conque?te normande; IV: La vie quotidienne de trois nobles bretons au XIII[Sup(e)] sie?cle d'apre?s leurs testaments; V: The Chancery of the Duchy of Brittany from Peter Mauclerc to Duchess Anne, 1213-1514 327 $aVI: The Seals of John IV, Duke of Brittany, 1364-1399VII: Le voyage de Pierre de Lesnerac en Navarre, 1386; VIII: The Breton Civil War; IX: The Breton Nobility and their Masters from the Civil War of 1341-64 to the late Fifteenth Century; X: The Finances of John IV, Duke of Brittany, 1364-1399; XI: The Ransom of Jean de Bretagne, Count of Penthie?vre: an Aspect of English Foreign Policy, 1386-1388; XII: 'Mon Pais et ma Nation': Breton Identity in the Fourteenth Century; XIII: Education in Brittany in the later Middle Ages: a Survey 327 $aXIV: 'Bons Bretons et Bons Francoys': the Language and Meaning of Treason in Later Medieval FranceXV: L'arme?e bretonne, 1449-1491: structures et carrie?res; XVI: Les manuscrits d'Anne de Bretagne, reine de France, duchesse de Bretagne; Index 330 $aMichael Jones is recognised on both sides of the Channel as an authority on late medieval Breton history. In this book he brings together much of his work on the subject, examining not only the administration of the duchy but also more intangible questions about the identity of a late medieval state. 607 $aBrittany (France)$xHistory 607 $aFrance$xHistory$yMedieval period, 987-1515 608 $aElectronic books. 676 $a944/.1 700 $aJones$b Michael$g(Michael C. E.),$076135 801 0$bMiAaPQ 801 1$bMiAaPQ 801 2$bMiAaPQ 906 $aBOOK 912 $a9910461332403321 996 $aThe creation of Brittany$91983219 997 $aUNINA